Регионална библиотека "Любен Каравелов" - Русе

Стихотворения (Запис номер 472771)

MARC детайли
000 -Лидер
Контролно поле с фиксирана дължина 00929nam a2200289 a 4500
003 - Код на организацията, давaща контролен номер
Контролно поле BLK
005 - Дата и час на последна редакция
Контролно поле 20241017105413.0
008 - Елементи от данни с фиксирана дължина
fixed length control field 180408b bul|||||r ||||||| ||bul||
020 ## - Международен стандартен номер на книга ISBN
Международен стандартен номер на книга ISBN 9786192490065
040 ## - Източник на каталожния запис
Идентификатор на билиотеката - собственик на записа BLK
041 ## - Код за език
Код за езика на текст/звукозапис или на отделно заглавие Български
Код за езика КДБФ Български
080 ## - УДК
Текстов определител УДК Българска литература
УДК код - определител по УДК 821.163.2
УДК определител -1
УДК - код + определител 821.163.2-1
100 ## - Редна дума - Автор
Автор Дебелянов, Димчо Вельов
R(LIN) 363389
139 ## - Редно поле
Редна дума Дебелянов, Димчо Вельов
Авторски знак Деб - Д 31
245 10 - Сведения за заглавието
Заглавие Стихотворения
Редно поле (дума) Димчо Вельов Дебелянов
257 ## - Страна на издаване
Страна на създаване/издаване България
260 ## - Област на издателските данни
Име на издателя, разпространителя и проч. КВЦ
Година на издаване 2020
Място на издаване, разпространение и проч. София
9 (RLIN) 470844
Издателство - префикс ISBN 978-619-249
300 ## - Физическа характеристика
Страници 80 с.
Размери/Мащаб 20 см
380 ## - Жанр
Жанр Худож. лит.
490 ## - СЕРИИ (Колекции)
Име на серия Специално издание за ученици
9 (RLIN) 480463
500 ## - Общи забележки
Забележка Анализи: с. 73-80.
852 ## - Местоположение
Форматна сигнатура Цб 314118
Фондова буква Хранилище
856 4# - Електронен адрес и достъп
Електронен формат pdf - файл
856 4# - Електронен адрес и достъп
Електронен формат pdf - файл
999 ## - СИСТЕМНИ КОНТРОЛНИ НОМЕРА
Koha biblionumber 472771
Koha biblioitemnumber 472771
942 ## - АРТИКУЛИ
Вид на библиотечния материал Книги
Скрит в OPAC Не
Периодичен библиозапис Да
944 ## - СЪЗДАВАНЕ И РЕДАКЦИЯ на ЗАПИСА
Създаване/Редакция Създаване
Дата на регистрацията/редакция 2022-09-08
Служител, извършил регистрацията/редакцията 30550
Статус, дата на статуса Кети Илиева
Наличности
Код за отписване Код за изгубен артикул Източник на класификационната схема Код за повреда Коз за рестрикции Код за отдаване Артикулен № Име на библиотеката - собственик Име на библиотеката, в която се намира в момента Статус (Текущо местоположение) Дата на вписване в системата Местоположение - отдел Цена в лева Систематично азбучна сигнатура Баркод Цена в евро Служебен тип на артикула
  Не е изгубен Universal Decimal Classification Не е повреден само за читалня ползва се в читалня 903804 Регионална библиотека "Любен Каравелов" Русе Регионална библиотека "Любен Каравелов" Русе Хранилище 2022-09-12 Хранилище 4.90 Цб 314118 120000876358 2.51 Книги
Vip Innovations Ltd, Rousse, Bulgaria 2025